01231nas a2200289Ia 4500001002800000003001000028008004100038040002500079041001200104100002700116210002400143222002400167240003000191245003000221250001100251260000900262501012300271300001300394362003400407500021600441650002600657700001100683942000700694957000600701999003300707952020100740A01/R007-10010 [r000007272]IT-MiCISF161014c99999999xx |||||||||||| ||und|| aIT-MiCISFcIT-MiCISF aTEDESCO aHirsch Eike Christian  aPro Familia Magazin aPro Familia Magazin aSexualität und Religion 0aSexualität und Religion a1a ed. c1992 bCISF - Centro Internazionale Studi Famiglia - Via Giotto, 36 20145 MILANO (non commercial uses only)cCopyright 2016 app. 1-25 an. 2, gennaio-febbraio [1992] aDunde S.R., Wolf-Almanasreh R., Bieler A., Kuntz-Brunner R., Fischedick H., Fahndrich H. Tema: sessualità, religione, cristianesimo, omosessualità, celibato, religioni-non-cristiane, religioni-non-cattoliche asessualitàvrivista aAA.VV. cCR 71 a10010bSig1c233389d233389 0010406A_01_000000000000000_R00710010_R00000727271aCISFbCISFd2016-10-14l0oA01/R007-10010 [r000007272]r2016-10-14 00:00:00w2016-10-14yCRzData import 15.10.2016 / by Epidotti, Vaglietti